Central Library OPAC University of Rajshahi

ترجمان القران # # Tarjuman al-Qurʼān / (Record no. 80456)

MARC details
000 -LEADER
fixed length control field 00864nam a22002533i 4500
001 - CONTROL NUMBER
control field 80456)
003 - CONTROL NUMBER IDENTIFIER
rucl marc code BD-RjUL
005 - DATE AND TIME OF LATEST TRANSACTION
control field 20220928111617.0
008 - FIXED-LENGTH DATA ELEMENTS--GENERAL INFORMATION
fixed length control field 220928s1931 ii ||| | urd d
020 ## - INTERNATIONAL STANDARD BOOK NUMBER
Terms of availability : Rs 12.50
035 ## - SYSTEM CONTROL NUMBER
System control number (BD-RjUL)80456)
040 ## - CATALOGING SOURCE
Original cataloging agency UkOxU
Language of cataloging eng
Description conventions rda
Transcribing agency UkOxU
041 ## - LANGUAGE CODE
Language code of text/sound track or separate title urd
082 ## - DEWEY DECIMAL CLASSIFICATION NUMBER
Edition number 23
Classification number 297.1225
Author mark and year AHT 1931
100 ## - MAIN ENTRY--PERSONAL NAME
Personal name احمد, ابو الكلام # # Ahmad, Abu Al Kalam
9 (RLIN) 4739
245 10 - TITLE STATEMENT
Title ترجمان القران # # Tarjuman al-Qurʼān /
Statement of responsibility, etc. Abul Kalam Ahmad # # ابو الكلام احمد
264 #1 - PRODUCTION, PUBLICATION, DISTRIBUTION, MANUFACTURE, AND COPYRIGHT NOTICE
Place of production, publication, distribution, manufacture Lahore :
Name of producer, publisher, distributor, manufacturer Maktubat - i - Ashaat adab,
Date of production, publication, distribution, manufacture, or copyright notice 1931
300 ## - PHYSICAL DESCRIPTION
Pagination volumes ;
Size 25 cm
500 ## - GENERAL NOTE
General note Volume 1-3
505 ## - FORMATTED CONTENTS NOTE
Formatted contents note Vol. 1. urdu translation of the holy quran with commentary.--
520 ## - SUMMARY, ETC.
Summary, etc. Tarjumanul Quran Urdu
650 ## - SUBJECT ADDED ENTRY--TOPICAL TERM
Topical term or geographic name as entry element Quran Glossaires, vocabulaires,
9 (RLIN) 4740
942 ## - ADDED ENTRY ELEMENTS (KOHA)
Source of classification or shelving scheme Dewey Decimal Classification
Koha item type Books
Holdings
Lost status Source of classification or shelving scheme Damaged status Not for loan Collection code Permanent Location Current Location Shelving location Date acquired Cost, normal purchase price Full call number Date last seen Copy number Koha item type
  Dewey Decimal Classification   Not For Loan Non-fiction Central Library, University of Rajshahi Central Library, University of Rajshahi Reading Room 16/04/1963 12.50 U 297.1225 AHT V-1 1931 28/09/2022 C-1 Books